I poteri ex officio del giudice penale

Bibliographic Details
Main Author: Milione, Giulia Giuseppina
Format: eBook
Language:Italian
Published: Roma : Editorial vLex, 2012
Subjects:
Online Access:http://www.vlex.com/source/6869

MARC

LEADER 00000nam a22000007a 4500
005 20130121152335.0
007 cr|||| ||||
008 130121e2012 it |||||s|||| 00||0 ita d
020 |a 978-88-66189-21-3 
035 |a 6869 
040 |a vLex 
090 |c 3560  |d 3560 
100 1 0 |a Milione, Giulia Giuseppina 
245 1 2 |a I poteri ex officio del giudice penale  |h [Recurso electrn̤ico] 
256 |a Servicio en ln̕ea 
260 |a Roma :  |b Editorial vLex,   |c 2012  
300 |a 1 Recurso electrn̤ico 
650 0 4 |a Procedimiento penal 
740 |a vLex Libros (Servicio en ln̕ea) 
856 |a Servicio restringido  |u http://www.vlex.com/source/6869 
942 |c BOOK 
999 0 |a Criminal procedure